ARRUPE JESUIT UNIVERSITY

CORONAVIRUS -STOP THE SPREAD - CLEAN,DISINFECT,COVER

Reaction and reform, 1793-1868; (Record no. 129574)

MARC details
000 -LEADER
fixed length control field 00922cam a22002651 4500
001 - CONTROL NUMBER
control field 1270604
003 - CONTROL NUMBER IDENTIFIER
control field ARRUPE
005 - DATE AND TIME OF LATEST TRANSACTION
control field 20190507092913.0
008 - FIXED-LENGTH DATA ELEMENTS--GENERAL INFORMATION
fixed length control field 690225t19681963nyuabc b 001 0 eng
010 ## - LIBRARY OF CONGRESS CONTROL NUMBER
LC control number 75001634
040 ## - CATALOGING SOURCE
Original cataloging agency DLC
Transcribing agency DLC
Modifying agency DLC
043 ## - GEOGRAPHIC AREA CODE
Geographic area code e-uk---
-- e-uk-en
050 00 - LIBRARY OF CONGRESS CALL NUMBER
Classification number DA530
Item number .D47 1963
082 00 - DEWEY DECIMAL CLASSIFICATION NUMBER
Classification number 942.07
300 ## - PHYSICAL DESCRIPTION
Other physical details illus., maps, ports.
Dimensions 23 cm.
100 1# - MAIN ENTRY--PERSONAL NAME
Personal name Derry, John W.
Fuller form of name (John Wesley)
9 (RLIN) 34619
245 10 - TITLE STATEMENT
Title Reaction and reform, 1793-1868;
Remainder of title England in the early nineteenth century
Statement of responsibility, etc [by] John W. Derry.
260 ## - PUBLICATION, DISTRIBUTION, ETC. (IMPRINT)
Place of publication, distribution, etc London,
Name of publisher, distributor, etc Blandford Press
Date of publication, distribution, etc 1963
300 ## - PHYSICAL DESCRIPTION
Extent viii, 232 p.
350 ## - PRICE (NR) (BK AM CF MU VM SE) [OBSOLETE]
Price 3.00
490 0# - SERIES STATEMENT
Series statement The History of England series
504 ## - BIBLIOGRAPHY, ETC. NOTE
Bibliography, etc Bibliography: p. [224]-225.
651 #0 - SUBJECT ADDED ENTRY--GEOGRAPHIC NAME
Geographic name Great Britain
General subdivision History
Chronological subdivision 19th century.
9 (RLIN) 17849
651 #0 - SUBJECT ADDED ENTRY--GEOGRAPHIC NAME
Geographic name Great Britain
General subdivision Social conditions
Chronological subdivision 19th century.
9 (RLIN) 46283
906 ## - LOCAL DATA ELEMENT F, LDF (RLIN)
a 7
b cbc
c orignew
d u
e ncip
f 19
g y-gencatlg
942 ## - ADDED ENTRY ELEMENTS (KOHA)
Source of classification or shelving scheme Library of Congress Classification
Koha item type Monograph ( Printed materials)
Holdings
Withdrawn status Lost status Source of classification or shelving scheme Damaged status Not for loan Collection code Home library Current library Shelving location Date acquired Total Checkouts Full call number Barcode Date last seen Price effective from Koha item type
    Library of Congress Classification     Main Collection ARRUPE LIBRARY ARRUPE LIBRARY Main Collection 07/05/2019   DA530 .D47 1963 46500025447 07/05/2019 07/05/2019 Monograph ( Printed materials)

 

Arrupe Library. PO Box MP320 Mt Pleasant, Harare, Zimbabwe
263 242 745411|librarian@aju.ac.zw